1237 1021 1278 1158 1563 1174 1198 1082 1584 1001 1477 1932 1594 1059 1690 1473 1334 1607 1637 1665 1613 1228 1025 1230 1072 1687 1136 1278 1649 1110 1421 1265 1078 1367 1638 1916 1872 1061 1454 1506 1524 1076 1811 1391 1692 1799 1085 1869 1937 1880 1267 1825 1939 1035 1178 1920 1735 1362 1350 1005 1255 1155 1868 1503 1259 1378 1178 1665 1088 1509 1242 1969 1424 1522 1084 1817 1331 1680 1996 1001 1566 1781 1582 1860 1145 1938 1797 1364 1237 1995 1413 1662 1783 1943 1524 1033 1324 1834 1259 BCNSPRNW ULIB Ver.6.0+V

เปลี่ยนเป็นภาษาไทย

Change to English
 แสดงรายละเอียดบรรณานุกรม
  กลับหน้าหลัก

Brief Record : Get Marc (ISO 2709) : E-mail record : QR code < ปิดหน้าต่าง
LEADER : 00000nam 2200000uu 4500
001    13399127900
003     ULIB
008    211026s2563||||th 000 0 tha d
020    ^a9786160040612
060  0 ^aWC501^bฝ211ค
100    ^aฝ่ายวิชาการ สถาพรบุ๊คส์
245    ^aCOVID-19 รู้ทันป้องกันได้
260    ^aกรุงเทพฯ :^bสถาพรบุ๊คส์,^c2563
300    ^a243 หน้า :^bภาพประกอบ ;^c21 ซม.
505 0  ^aบทที่ 1 ประวัติศาสตร์โรคระบาดร้ายแรงในประเทศไทย, บทที่ 2 โรคติดเชื้อไวรัสโคโรนา 2019 (โควิด-19), บทที่ 3 สถานการณ์การระบาดของโรคโควิด-19, บทที่ 4 แนวทางการรักษาและการป้องกันโรคโควิด-19, บทที่ 5 ผลกระทบจากการแพร่ระบาดของโรคโควิด-19, บทที่ 6 New Normal ชีวิตวิถีใหม่, บทที่ 7 ก้าวต่อไปหลังวิกฤติโควิด-19
650    ^aโรคเกิดจากไวรัส -- การป้องกันและควบคุม
650  0 ^aโควิด-19 (โรค)
945    ^p250^l0^i29046
999    ^aกัณชพร จุลอักษร
รายการนี้ยังไม่มีแท็ก
คุณยังไม่ได้ล็อกอิน คุณสามารถมีกิจกรรมร่วมกับเว็บไซต์ได้ แต่ต้องล็อกอินก่อน ::
  ล็อกอิน

รายการสื่อสารสนเทศ

ลำดับที่ ประเภท เลขเรียก/บาร์โค้ด สถานที่ สถานะ
1. หนังสือสำรอง
หนังสือสำรอง
WC501 ฝ211ค ฉ.1 
  Barcode: 29046
ห้องสมุดวิทยาเขตนครสวรรค์
►หนังสือทั่วไป:l:General Books
บนชั้น

รายการใกล้เคียง
    ชื่อเรื่อง [COVID-19 รู้ทันป้องกันได้]

    ผู้แต่ง [ฝ่ายวิชาการ สถาพรบุ๊คส์]

    หัวเรื่อง [โรคเกิดจากไวรัส -- การป้องกันและควบคุม]
    หัวเรื่อง [โควิด-19 (โรค)]

BibComment


ยังไม่เคยถูกคอมเมนท์

คอมเมนท์ทรัพยากรรายการนี้
  คอมเมนท์: COVID19 รู้ทันป้..


 Copyright 2026. Bcnsprnw @Library